| 000 | 00512nam a2200193Ia 4500 | ||
|---|---|---|---|
| 003 | GCL | ||
| 008 | 140319s9999 xx 000 0 aRus d | ||
| 040 |
_aGCL / _cGCL |
||
| 082 | 0 | 4 |
_a863 _bC F |
| 100 | 1 | _aCASONA, ALEJANDRO | |
| 245 | 1 | 0 |
_aFLOR DE LEYENDAS, VIDA DE FRANCISCO PIZARRO / _cCASONA, ALEJANDRO |
| 260 |
_a[S.N] : _bCOLECCION AUSTRAL ، _c1995 |
||
| 300 | _a255 P | ||
| 650 | 0 | 4 | _aLITERATURE |
| 650 | 0 | 4 | _aFICTION |
| 650 | 0 | 4 | _aSPANISH LITERATURE |
| 650 | 0 | 4 | _aSPANISH FICTION |
| 942 |
_2ddc _cBK |
||
| 999 |
_c13144 _d13144 |
||